[Event "FRA-chT1A 0809"]
[Site "France"]
[Date "2008.11.09"]
[Round "3.8"]
[White "Brih, Touatia"]
[Black "Laruelle, Joel"]
[Result "0-1"]
[WhiteElo "1951"]
[BlackElo "2133"]
[PlyCount "76"]
[EventDate "2008.10.19"]
[EventType "team-tourn"]
[EventRounds "11"]
[EventCountry "FRA"]
[SourceTitle "EXT 2010"]
[Source "ChessBase"]
[SourceDate "2010.11.25"]
[SourceVersion "1"]
[SourceVersionDate "2010.11.25"]
[SourceQuality "1"]
[WhiteTeam "Nice"]
[BlackTeam "Hyeres"]
[WhiteTeamCountry "FRA"]
[BlackTeamCountry "FRA"]

1. Nf3 d5 2. d4 Nf6 3. g3 e6 4. Bg2 c5 5. c3 Nc6 6. 0-0 Qb6 7. Re1 Bd7 8. Ne5 cxd4 9. Nxc6 dxc3 10. Nxc3 Bxc6 11. e3 Be7 12. b3 0-0 13. Bb2 Rfd8 14. Ne2 Rac8 15. Nf4 a5 16. Rc1 a4 17. Bxf6 Bxf6 18. bxa4 Qa5 19. Bh3 Bxa4 20. Qf3 Rxc1 21. Rxc1 Bc6 22. Nh5 Bb2 23. Qg4 g6 24. Rc2 Bh8 25. Qg5 h6 26. Nf6+ Bxf6 27. Qxf6 Re8 28. Qf4 Qe1+ 29. Kg2 Bb5 30. g4 g5 31. Qf6 Bd3 32. Rb2 Qf1+ 33. Kg3 Qg1+ 34. Bg2 Bf1 35. f3 Bd3 36. Rxb7 Bg6 37. Qd4 Qe1+ 38. Kh3 Qh4# 0-1

[Event "FRA-ch Accession"]
[Site "Besancon"]
[Date "2006.08.22"]
[Round "7"]
[White "Prouteau, Thomas"]
[Black "Laruelle, Joel"]
[Result "1-0"]
[WhiteElo "2080"]
[BlackElo "2145"]
[PlyCount "81"]
[EventDate "2006.08.15"]
[EventType "swiss"]
[EventRounds "10"]
[EventCountry "FRA"]
[SourceTitle "CBM 113 Extra"]
[Source "ChessBase"]
[SourceDate "2006.09.14"]
[SourceVersion "1"]
[SourceVersionDate "2006.09.14"]
[SourceQuality "1"]

1. d4 d5 2. c4 c6 3. Nc3 Nf6 4. Nf3 dxc4 5. a4 Bg4 6. e3 e5 7. dxe5 Qxd1+ 8. Nxd1 Nfd7 9. Bxc4 Bxf3 10. gxf3 Nxe5 11. Be2 Bb4+ 12. Nc3 0-0 13. f4 Ng6 14. h4 Nd7 15. Bd2 Rfe8 16. h5 Ngf8 17. h6 g6 18. Bc4 Nc5 19. 0-0-0 Rad8 20. Kc2 Rd6 21. b3 Red8 22. f3 a5 23. Ne4 Nxe4 24. Bxb4 Rxd1 25. Rxd1 Rxd1 26. Kxd1 Nf2+ 27. Ke2 axb4 28. Kxf2 Nd7 29. e4 Kf8 30. Ke3 b6 31. Kd4 Ke7 32. e5 Nf8 33. a5 bxa5 34. Kc5 Ne6+ 35. Kxc6 a4 36. bxa4 b3 37. a5 b2 38. Bd3 Nd4+ 39. Kb6 Kd7 40. a6 Nc6 41. a7 1-0

[Event "Cannes op"]
[Site "Cannes"]
[Date "2000.02.25"]
[Round "6"]
[White "Chaplin, Erik"]
[Black "Laruelle, Joel"]
[Result "1-0"]
[WhiteElo "2212"]
[BlackElo "2116"]
[PlyCount "83"]
[EventDate "2000.02.20"]
[EventType "swiss"]
[EventRounds "9"]
[EventCountry "FRA"]
[SourceTitle "EXT 2001"]
[Source "ChessBase"]
[SourceDate "2000.11.22"]
[SourceVersion "1"]
[SourceVersionDate "2000.11.22"]
[SourceQuality "1"]

1. e4 e5 2. Nf3 Nf6 3. Nxe5 d6 4. Nf3 Nxe4 5. d3 Nf6 6. d4 Be7 7. h3 0-0 8. Bd3 c5 9. 0-0 b6 10. d5 Na6 11. a3 Nc7 12. c4 b5 13. b3 bxc4 14. bxc4 Nd7 15. Bf4 Nb6 16. Qc2 g6 17. Nbd2 f5 18. Bh6 Re8 19. g4 Bf8 20. Bg5 Qd7 21. gxf5 gxf5 22. Rae1 Qf7 23. Kh2 h6 24. Bf4 Qf6 25. Rg1+ Kh8 26. Rxe8 Nxe8 27. Nf1 Bd7 28. Ne3 Ng7 29. Ng2 Na4 30. Ngh4 Rb8 31. Rg6 Qa1 32. Rxh6+ Kg8 33. Bc1 Qc3 34. Qxc3 Nxc3 35. Ng6 Ne4 36. Bxe4 fxe4 37. Ng5 Nf5 38. Rh8+ Kg7 39. Rxf8 Rb1 40. Rf7+ Kxg6 41. Rxd7 Rxc1 42. Nxe4 1-0

[Event "Cannes op"]
[Site "Cannes"]
[Date "2000.02.24"]
[Round "5"]
[White "Petit, Eric"]
[Black "Laruelle, Joel"]
[Result "1-0"]
[WhiteElo "2265"]
[BlackElo "2116"]
[PlyCount "79"]
[EventDate "2000.02.20"]
[EventType "swiss"]
[EventRounds "9"]
[EventCountry "FRA"]
[SourceTitle "EXT 2001"]
[Source "ChessBase"]
[SourceDate "2000.11.22"]
[SourceVersion "1"]
[SourceVersionDate "2000.11.22"]
[SourceQuality "1"]

1. d4 Nf6 2. c4 e6 3. Nc3 c5 4. d5 exd5 5. cxd5 d6 6. Nf3 g6 7. Nd2 Bg7 8. Nc4 0-0 9. Bg5 h6 10. Bh4 Qe7 11. e3 Na6 12. Be2 Nc7 13. a4 b6 14. 0-0 g5 15. Bg3 Rd8 16. f4 Bb7 17. fxg5 hxg5 18. Rf5 Bh6 19. Qd3 Bc8 20. Rf2 Nce8 21. Raf1 Rb8 22. e4 Ba6 23. b3 Rb7 24. Bd1 Bg7 25. Rf5 Nh7 26. Bc2 Bd4+ 27. Bf2 Be5 28. Nb5 Bxb5 29. axb5 f6 30. Qh3 Nf8 31. Be3 Ng6 32. g3 Qh7 33. Qg4 Ng7 34. Rxf6 Bxf6 35. Rxf6 Rf7 36. e5 Rxf6 37. exf6 Nh5 38. Qe6+ Kh8 39. Nxd6 Rf8 40. f7 1-0

[Event "Cannes op"]
[Site "Cannes"]
[Date "2000.02.20"]
[Round "1"]
[White "Weindl, Alfred"]
[Black "Laruelle, Joel"]
[Result "1-0"]
[WhiteElo "2367"]
[BlackElo "2116"]
[PlyCount "115"]
[EventDate "2000.02.20"]
[EventType "swiss"]
[EventRounds "9"]
[EventCountry "FRA"]
[SourceTitle "EXT 2001"]
[Source "ChessBase"]
[SourceDate "2000.11.22"]
[SourceVersion "1"]
[SourceVersionDate "2000.11.22"]
[SourceQuality "1"]

1. Nf3 Nf6 2. g3 d5 3. Bg2 c6 4. 0-0 e6 5. d3 Be7 6. Nbd2 Nbd7 7. e4 dxe4 8. dxe4 e5 9. b3 Qc7 10. Bb2 0-0 11. Nc4 Nxe4 12. Nfxe5 f5 13. Nxd7 Bxd7 14. Be5 Qd8 15. Nd6 Nxd6 16. Bxd6 Bxd6 17. Qxd6 Rf6 18. Qd4 Be8 19. Rad1 Qxd4 20. Rxd4 Kf7 21. Rfd1 Ke7 22. f4 h5 23. Kf2 Rc8 24. Bf3 g6 25. c4 b6 26. R4d2 Re6 27. c5 bxc5 28. Rc1 Rd8 29. Rxd8 Kxd8 30. Rxc5 Kc7 31. Ra5 Kb6 32. b4 Bf7 33. a3 Rd6 34. Ke3 Bc4 35. Rc5 Bd5 36. Bxd5 cxd5 37. Kd4 Re6 38. Kxd5 Re2 39. Rc6+ Kb5 40. Rxg6 Rxh2 41. Ke5 Ra2 42. Kxf5 Rxa3 43. Ke4 Kxb4 44. f5 Kc5 45. Kf4 Kd5 46. Rg7 Kd6 47. Rb7 Ra4+ 48. Kg5 Rg4+ 49. Kxh5 Rxg3 50. f6 Ke6 51. f7 Rf3 52. Kg6 Rg3+ 53. Kh7 Rf3 54. Kg8 Rg3+ 55. Kf8 Rc3 56. Rxa7 Rc1 57. Ra6+ Kd7 58. Kg7 1-0

[Event "Metz op 16th"]
[Site "Metz"]
[Date "1998.04.09"]
[Round "5"]
[White "Laruelle, Joel"]
[Black "Berend, Fred"]
[Result "0-1"]
[WhiteElo "2110"]
[BlackElo "2350"]
[PlyCount "120"]
[EventDate "1998.04.06"]
[EventType "swiss"]
[EventRounds "9"]
[EventCountry "FRA"]
[SourceTitle "EXT 1999"]
[Source "ChessBase"]
[SourceDate "1998.11.16"]
[SourceVersion "1"]
[SourceVersionDate "1998.11.16"]
[SourceQuality "1"]

1. c4 g6 2. Nc3 Bg7 3. Nf3 c5 4. d4 cxd4 5. Nxd4 Nc6 6. e3 Nf6 7. Be2 0-0 8. 0-0 Nxd4 9. exd4 d5 10. cxd5 Nxd5 11. Nxd5 Qxd5 12. Be3 Bf5 13. Bf3 Be4 14. Bxe4 Qxe4 15. Qb3 Rfd8 16. Rfe1 Qd5 17. Qxd5 Rxd5 18. Rac1 e6 19. Rc5 Rad8 20. Rxd5 Rxd5 21. Rd1 Ra5 22. a3 Kf8 23. Rc1 Rb5 24. b4 a5 25. bxa5 Ke7 26. g4 Kd7 27. Bf4 Bxd4 28. Rc7+ Ke8 29. Bd6 Bf6 30. Bb4 Bd8 31. Rc8 h5 32. gxh5 Rxh5 33. Ra8 Kd7 34. Kg2 Rg5+ 35. Kf1 Bc7 36. h3 Rh5 37. Kg2 Kc6 38. Be1 Re5 39. Kf1 Re4 40. f3 Re3 41. Kf2 Rxa3 42. Rf8 Ra2+ 43. Kf1 f5 44. Rf6 Kd5 45. Rf7 Bxa5 46. Bxa5 Rxa5 47. Rxb7 Ke5 48. Rb4 Ra2 49. Kg1 Rd2 50. f4+ Kf6 51. h4 Re2 52. Rb3 Kg7 53. Kf1 Rh2 54. Rb7+ Kh6 55. Rb8 Kh5 56. Rh8+ Kg4 57. Rh6 Kxf4 58. Rxg6 e5 59. Rh6 e4 60. Kg1 Rh3 0-1

[Event "Cannes op-B 18th"]
[Site "Cannes"]
[Date "1997.??.??"]
[Round "5"]
[White "Habibi, Ali"]
[Black "Laruelle, Joel"]
[Result "1-0"]
[WhiteElo "2345"]
[BlackElo "2085"]
[PlyCount "87"]
[EventDate "1997.02.22"]
[EventType "swiss"]
[EventRounds "9"]
[EventCountry "FRA"]
[SourceTitle "CBM 057 Extra"]
[Source "ChessBase"]
[SourceDate "1997.05.01"]
[SourceVersion "1"]
[SourceVersionDate "1997.05.01"]
[SourceQuality "1"]

1. Nf3 d5 2. g3 Bg4 3. Bg2 c6 4. d3 Nd7 5. Nbd2 e6 6. 0-0 Bd6 7. b3 f5 8. Bb2 Ngf6 9. Qe1 Qe7 10. e4 fxe4 11. dxe4 Bxf3 12. Bxf3 Be5 13. c3 0-0 14. Qe2 Rfe8 15. Bg2 Rad8 16. Kh1 Nf8 17. f4 Bc7 18. e5 N6d7 19. Nf3 Bb6 20. Nd4 a6 21. Rad1 c5 22. Nf3 Nb8 23. Rd2 Nc6 24. Rfd1 Qc7 25. Qd3 Ba5 26. Re2 g6 27. Qc2 Rc8 28. a3 Ne7 29. c4 d4 30. Ng5 Nf5 31. Bc1 h5 32. Ne4 Nh7 33. Rd3 b5 34. Bf3 b4 35. a4 Qf7 36. h3 Bc7 37. Bg2 Bb8 38. Qd1 a5 39. Qe1 Rc7 40. g4 hxg4 41. hxg4 Ng7 42. Nd6 Qf8 43. Rh3 Rd8 44. Qh4 1-0

[Event "Cannes op-B 18th"]
[Site "Cannes"]
[Date "1997.??.??"]
[Round "3"]
[White "Velcheva, Maria"]
[Black "Laruelle, Joel"]
[Result "1-0"]
[WhiteElo "2285"]
[BlackElo "2085"]
[PlyCount "83"]
[EventDate "1997.02.22"]
[EventType "swiss"]
[EventRounds "9"]
[EventCountry "FRA"]
[SourceTitle "CBM 057 Extra"]
[Source "ChessBase"]
[SourceDate "1997.05.01"]
[SourceVersion "1"]
[SourceVersionDate "1997.05.01"]
[SourceQuality "1"]

1. e4 c5 2. Nf3 Nc6 3. d4 cxd4 4. Nxd4 Nf6 5. Nc3 e5 6. Ndb5 d6 7. Bg5 a6 8. Na3 b5 9. Bxf6 gxf6 10. Nd5 Bg7 11. Bd3 Ne7 12. Nxe7 Qxe7 13. c3 0-0 14. 0-0 Qb7 15. Nc2 f5 16. exf5 e4 17. Be2 d5 18. Bg4 Be5 19. Qd2 f6 20. h3 Qf7 21. Qe2 Bd7 22. Rad1 Be8 23. Qd2 h5 24. Be2 Rd8 25. f3 Qg7 26. Qe1 Bg3 27. Qd2 Bc7 28. Nd4 e3 29. Qxe3 Qg3 30. Rfe1 Bf4 31. Qf2 Qh2+ 32. Kf1 Bf7 33. Qg1 Qg3 34. Bd3 h4 35. Ne2 Qg5 36. Nxf4 Qxf4 37. Qd4 Qh6 38. Re7 Rfe8 39. Rde1 Rxe7 40. Rxe7 Qc1+ 41. Kf2 Qh6 42. Qe3 1-0

[Event "FRA-chT"]
[Site "France"]
[Date "1996.??.??"]
[Round "?"]
[White "Laruelle, Joel"]
[Black "Bouton, Christophe"]
[Result "0-1"]
[WhiteElo "2085"]
[BlackElo "2190"]
[PlyCount "66"]
[EventDate "1996.??.??"]
[EventType "team"]
[EventRounds "11"]
[EventCountry "FRA"]
[SourceTitle "CBM 055 Extra"]
[Source "ChessBase"]
[SourceDate "1997.01.01"]
[SourceVersion "1"]
[SourceVersionDate "1997.01.01"]
[SourceQuality "1"]

1. d4 d5 2. c4 e6 3. Nc3 c5 4. cxd5 exd5 5. Nf3 Nc6 6. g3 Nf6 7. Bg2 Be7 8. 0-0 0-0 9. Bg5 c4 10. Ne5 Be6 11. f4 Ne8 12. Nxc6 bxc6 13. Bxe7 Qxe7 14. e4 dxe4 15. Bxe4 Rb8 16. Qe2 Qd6 17. Rad1 Nf6 18. f5 Bd5 19. Bxd5 cxd5 20. g4 Rfe8 21. Qg2 Ne4 22. Rfe1 Nxc3 23. bxc3 Qa3 24. Qg3 h6 25. f6 gxf6 26. Rf1 Rb6 27. Rf2 Re4 28. Rdf1 Qe7 29. Qh4 Kg7 30. Qh5 Qe6 31. h3 Re1 32. Rxf6 Qe3+ 33. R6f2 Qg3+ 0-1